000 00496cam a22002171 4500
001 sa 62001187
003 DLC
005 20260227111918.0
008 900116s1962 ii 000 1 hino
010 _asa 62001187
035 _a(OCoLC)20906862
040 _aDLC
_cWaU
_dDLC
042 _apremarc
050 0 0 _aPK2098.V9
_bM3
100 1 _aVyāsa, Śyāma.
245 1 0 _aMādala kā darda.
260 _c[1962]
300 _a102 p.
_c19 cm.
500 _aIn Hindi.
500 _aA novel.
999 _c53199
_d53199